| 000 | 00938cam a2200313 4500 | ||
|---|---|---|---|
| 001 | 4092252 | ||
| 003 | ARRUPE | ||
| 005 | 20151026153833.0 | ||
| 008 | 731120s1973 enk b 001 0 eng | ||
| 010 | _a 73176183 | ||
| 015 | _aGB73-19130 | ||
| 020 | _a0002153734 | ||
| 040 |
_aDLC _cDLC _dDLC |
||
| 050 | 0 | 0 |
_aBT202 _b.V45 |
| 082 | 0 | 0 | _a232 |
| 100 | 1 |
_aVermès, Géza, _d1924-2013. _920544 |
|
| 245 | 1 | 0 |
_aJesus the Jew: _ba historian's reading of the Gospels. _cby Vermès, Géza, |
| 260 |
_aLondon, _bAlbans _c1983. |
||
| 300 |
_axix, 283 p. _c22 cm. |
||
| 350 | _a£3.15 | ||
| 440 |
_aSCM Classics _920545 |
||
| 500 | _aIncludes index. | ||
| 504 | _aBibliography: p. [11]-14. | ||
| 600 | 0 | 0 |
_aJesus Christ _xPerson and offices. _920546 |
| 600 | 0 | 0 |
_aJesus Christ _xName. _920547 |
| 600 | 0 | 0 |
_aJesus Christ _xJewish interpretations. _920548 |
| 906 |
_a7 _bcbc _corignew _d3 _encip _f19 _gy-gencatlg |
||
| 942 |
_2lcc _cMONOGRAPH |
||
| 999 |
_c123612 _d123612 |
||